000 00619nam a2200193Ia 4500
003 GCL
008 140319s9999 xx 000 0 ara d
040 _aGCL /
_cGCL
082 0 4 _a889
_bم م
100 1 _aموسكوف، كرستيس
245 1 0 _aمختارات شعرية /
_cموسكوف، كرستيس
260 _aالقاهرة :
_bمطبعة اطلس ،
_c1992
300 _a111 ص ؛
_c22 سم
650 0 4 _aالادب اليونانى
650 0 4 _aالشعر اليونانى المترجم
650 0 4 _aالادب اليونانى المترجم
650 0 4 _aالمجموعات
942 _2ddc
_cBK
999 _c42186
_d42186